000 00349nas a2200145 a 4500
001 114783
003 202571
005 20220623163952.0
008 ||||||n9999 ||| || ||
040 _aCO-BoESAP
_bspa
_cCO-BoESAP
245 0 _aPaso a Paso - Vol.6 No.6 Separata
562 _e13
773 _080062
_aPaso a Paso
942 _cSISS
_2ddc
999 _c114783
_d114783